Govt. of
Madhya Pradesh

Geography Madhya Pradesh (Record no. 66881)

MARC details
000 -LEADER
fixed length control field 00256nam a22001097a 4500
082 ## - DEWEY DECIMAL CLASSIFICATION NUMBER
Classification number 910
100 ## - MAIN ENTRY--AUTHOR NAME
Personal name Gupta,Sanjay
245 ## - TITLE STATEMENT
Title Geography Madhya Pradesh
260 ## - PUBLICATION, DISTRIBUTION, ETC. (IMPRINT)
Place of publication Gwalior
Name of publisher Niraml IAS
Year of publication 2024
650 ## - SUBJECT ADDED ENTRY--TOPICAL TERM
Topical Term Geograpy
942 ## - ADDED ENTRY ELEMENTS (KOHA)
Koha item type Competitive Books
Holdings
Withdrawn status Lost status Damaged status Not for loan Home library Current library Date acquired Cost, normal purchase price Full call number Accession Number Price effective from Koha item type
        MACL MACL 21/05/2024 270.00 910 DPI002175 21/05/2024 Competitive Books